000 00635nam a2200193 i 4500
001 146329
003 ES-MaACL
005 20230906201509.0
007 t|
008 070906s1968 sp ||||1| spa d
080 _a332(46)
100 1 _aTrías Fargas, Ramón.
_9111378
245 1 4 _aLas fuentes de financiación de la empresa en España /
_cdirigido por Ramón Trías Fargas.
260 _aMadrid :
_bMoneda y Crédito,
_c1968.
300 _aXLVII, 377 p. ;
_c23 cm.
500 _aPrecede al tít.: Banco Urquijo.
710 2 _aBanco Urquijo.
_bServicio de Estudios Económicos.
_92140
852 _aES-MaACL
_jC-46715
_bR.67756
999 _c146329
_d146329